00662nam a22001937a 450000500170000001000150001702000260003203500140005803700130007208200110008510000160009624500770011225000060018926000450019527000800024030000330032050000800035370000350043320240124143326.0 aENG-138991 a9789355322548c380.00 aEN-122523 bDBAD/PUB a50022 aPrakash, Om aCTET/TET:cBy Om Prakash and Kanta Pradeep PanditbScience and Pedagogy/ a2 aTamil NadubMcGraw Hill Education c2022 aAnjana Complex No. 5/90 A, Butt Road, St. Thomas MountbTamil Nadue600016 avarious pagings :c24cm(pbk) aSubject- Wise Comprehensive Series Based on the Latest Examination Pattern  aPandit, Kanta Pradeep eAuthor